Dasar ekonomi baru : (Record no. 90623)

MARC details
000 -LEADER
fixed length control field 00906nam a2200265 i 4500
001 - CONTROL NUMBER
control field C2-0284692
003 - CONTROL NUMBER IDENTIFIER
control field PPAK
005 - DATE AND TIME OF LATEST TRANSACTION
control field 20180728014506.0
008 - FIXED-LENGTH DATA ELEMENTS--GENERAL INFORMATION
fixed length control field 071206s2005 my |||| ||||| | may d
020 ## - INTERNATIONAL STANDARD BOOK NUMBER
International Standard Book Number 9676117811 ; 9789676117816
040 ## - CATALOGING SOURCE
Original cataloging agency PPAK
Language of cataloging eng
Transcribing agency PPAK
Description conventions rda
082 04 - DEWEY DECIMAL CLASSIFICATION NUMBER
Classification number 305.8009595
Edition number 23
090 00 - LOCALLY ASSIGNED LC-TYPE CALL NUMBER (OCLC); LOCAL CALL NUMBER (RLIN)
Classification number (OCLC) (R) ; Classification number, CALL (RLIN) (NR) 305.8009595
Feature heading FAA
Feature heading G
100 1# - MAIN ENTRY--PERSONAL NAME
Personal name Faaland, Just,
Relator term author
245 10 - TITLE STATEMENT
Title Dasar ekonomi baru :
Remainder of title pertumbuhan negara dan pencapaian ekonomi orang Melayu
264 #1 - PRODUCTION, PUBLICATION, DISTRIBUTION, MANUFACTURE, AND COPYRIGHT NOTICE
Place of production, publication, distribution, manufacture Kuala Lumpur :
Name of producer, publisher, distributor, manufacturer Utusan Publications ,
Date of production, publication, distribution, manufacture, or copyright notice 2005
300 ## - PHYSICAL DESCRIPTION
Extent xxxx, 481 pages ;
Dimensions 23 cm
336 ## - CONTENT TYPE
Source rdacontent
Content type term text
337 ## - MEDIA TYPE
Source rdamedia
Media type term unmediated
338 ## - CARRIER TYPE
Source rdacarrier
Carrier type term volume
500 ## - GENERAL NOTE
General note Bibliography : pages 450-457 ; Includes indexes
650 10 - SUBJECT ADDED ENTRY--TOPICAL TERM
Topical term or geographic name entry element Ethnic relations - Malaysia. ; Ethnic conflit - Malaysia. ; Ethnic attitudes - Malaysia. ; Ethnicity - Malaysia.
700 ## - ADDED ENTRY--PERSONAL NAME
Relator term author
942 ## - ADDED ENTRY ELEMENTS (KOHA)
-- dc
Koha item type Book
Holdings
Withdrawn Not for loan Current library Shelving location Date acquired Full call number Barcode Date last seen Koha item type Total Checkouts Total Renewals Date last checked out
    Perpustakaan Alor Setar Pinjaman Dewasa 28/01/2016 305.8009595 FAA A00876675 08/08/2022 Book 6 1 28/07/2022
    Perpustakaan Langkawi Pinjaman Dewasa 23/02/2016 305.8009595 FAA A00877233 25/06/2019 Book      
    Perpustakaan Merbok Pinjaman Dewasa 12/12/2007 305.8009595 FAA A01212517 09/05/2018 Book      
    PD20, Felda Lubuk Merbau, Pendang Pinjaman Dewasa 27/01/2022 305.8009595 FAA A00744054 27/01/2022 Book      
    PD20, Felda Lubuk Merbau, Pendang Pinjaman Dewasa 27/01/2022 305.8009595 FAA A00744047 27/01/2022 Book